000 00989aab a2200205 4500
001 768714001
003 CO-MdFUSB
005 20240422090407.0
008 240422t1994 ag ||||| |||| 00| 0 spa d
040 _bspa
_cCO-MdFUSB
041 _aspa
100 1 _aSaavedra, Néstor
_eautor
245 1 _aGuillermo Tyndale :
_bBaluarte de la traducción bíblica
_c/ Néstor Saavedra
300 _aVolumen 13, número 4 (octubre - diciembre, 1994), página: 8
_c; 27 cm
520 _aEste artículo hace una breve presentación del traductor de manuscritos de la Biblia Guillermo Tyndale. Asimismo, resalta la enseñanza que dejó: "ser fuerte ante las adversidadescuando Dios nos da la convicción de que nos asignó una tarea y trabajamos para su gloria"
650 7 _aHombres
_xVida religiosa
_97150
650 7 _aHombres
_vGuías de vida práctica
_97146
773 0 _tIglesia y Misión
_049402
_959645
_gVolumen 13, número 4 (octubre - diciembre, 1994), página: 8
_qpágina: 8
942 _cANA
999 _c52112
_d52112